Cystická fibróza : (příručka pro nemocné, jejich rodiče a přátele) /

Hlavní autor: Vávrová, Věra, 1928-
Korporativní autor: Klub cystickej fibrózy
Jazyk: Slovenština
Čeština
Vydáno: Praha : Professional Publishing, 2005
Vydání: 1. vyd.
Témata:
Fyzický popis: 119 s : il. ; 21 cm
Language note: Část. slovenský text
Knihy
Uloženo v:
LEADER 01393nam a2200409 a 4500
001 nkc20051630560
003 CZ PrNK
005 20060522150542.0
007 ta
008 051108s2005 xr a e f 000 0 cze
015 |a cnb001630560 
020 |a 80-86419-98-3  |q (brož.) 
035 |a (OCoLC)85164729 
040 |a ABA001  |b cze 
041 0 |a cze  |a slo 
072 7 |a 616  |x Patologie. Klinická medicína  |2 Konspekt  |9 14 
080 |a 616-002.17  |2 MRF 
080 |a (035)  |2 MRF 
100 1 |a Vávrová, Věra,  |d 1928-  |7 nlk19990074045  |4 aut 
245 1 0 |a Cystická fibróza :  |b (příručka pro nemocné, jejich rodiče a přátele) /  |c V. Vávrová a kolektiv Centra CF Motol 
250 |a 1. vyd. 
260 |a Praha :  |b Professional Publishing,  |c 2005 
300 |a 119 s :  |b il. ;  |c 21 cm 
500 |a Terminologický slovník 
500 |a Vydáno pro Klub cystickej fibrózy 
504 |a Obsahuje bibliografii 
546 |a Část. slovenský text 
650 0 7 |a cystická fibróza  |7 ph119277  |2 czenas 
650 0 9 |a cystic fibrosis  |2 eczenas 
655 7 |a příručky  |7 fd133209  |2 czenas 
655 9 |a handbooks and manuals  |2 eczenas 
710 2 |a Klub cystickej fibrózy  |7 kn20051208008 
910 2 |a BOA001  |b 2-1167.704 
990 |a BK 
995 |a 01 
991 |b 200605  |c NOV 
996 6 |b 2610278131  |c 2-1167.704  |l MZK  |r Sklad / do 1 hodiny  |n 1  |p p.v.  |w 000814434  |u 000010  |a 1  |e BOA001  |j MZK50  |s P